Στωϊκοί, επικούρειοι και σκεπτικοί : μια εισαγωγή στην ελληνιστική φιλοσοφία
Αποθηκεύτηκε σε:
| Κύριος συγγραφέας: | |
|---|---|
| Άλλοι συγγραφείς: | , , |
| Μορφή: | Βιβλίο |
| Γλώσσα: | Greek English |
| Δημοσίευση: |
Θεσσαλονίκη :
Θύραθεν,
2002.
|
| Θέματα: | |
| Ετικέτες: |
Προσθήκη ετικέτας
Δεν υπάρχουν, Καταχωρήστε ετικέτα πρώτοι!
|
MARC
| LEADER | 00000cam a2200000 i 4500 | ||
|---|---|---|---|
| 001 | 1/38521 | ||
| 008 | 030724s2002 gr | ||| |||| ||gre|| | ||
| 020 | |a 9608097061 | ||
| 035 | |l 10070456 | ||
| 040 | |a GR-MyUA |b gre |e AACR2 | ||
| 041 | 1 | |a gre |h eng | |
| 082 | 0 | |a 186 | |
| 100 | 1 | |a Sharples, Robert W. | |
| 245 | 1 | 0 | |a Στωϊκοί, επικούρειοι και σκεπτικοί : |b μια εισαγωγή στην ελληνιστική φιλοσοφία / |c Robert Sharples ; μετάφραση Μαρίνα Λυπουρλή, Γιάννης Αβραμίδης ; φιλολογική επιμέλεια - διορθώσεις Κατερίνα Καούκη. |
| 260 | |a Θεσσαλονίκη : |b Θύραθεν, |c 2002. | ||
| 300 | |a 245 σ. ; |c 25 εκ. | ||
| 500 | |a Το αντίτυπο με αριθμό εισαγωγής 122663 είναι δεμένο με: Ο λαβύρινθος των πλανημένων γιατρών / Theophrast von Hohenheim Παρακέλσος. - Ο μεταεθνικός αστερισμός / Jurgen Habermas. - Το δέντρο της γνώσης / Humberto Maturana και Francesco Varela. | ||
| 500 | |a Τίτλος πρωτοτύπου: Stoics, Epicureans, and sceptics. | ||
| 600 | 1 | 0 | |a Επίκουρος, |d 341-270. |
| 650 | 0 | 0 | |a Philosophy, Ancient. |
| 650 | 0 | 0 | |a Stoics. |
| 650 | 0 | 0 | |a Skeptics (Greek philosophy) |
| 700 | 1 | |a Λυπουρλή, Μαρίνα, |e trlf | |
| 700 | 1 | |a Αβραμίδης, Γιάννης, |e trl | |
| 700 | 1 | |a Καούκη, Κατερίνα, |e edtf | |
| 852 | |a INST |b RHODES |e 20030724 |h 186 SHA |p 005400020197 |q 005400020197 |t BK |y 0 | ||
| 852 | |a INST |b RHODES |c KRI |e 20060419 |h 610 PAR |p 005400021044 |q 005400021044 |t BK |y 0 | ||
| 852 | |a INST |b SAMOS |e 20070913 |h 180 SHA |p 005300028232 |q 005300028232 |t BK |y 0 | ||
| 901 | |a BIBL3-2007-3 | ||
| 901 | |a BIBL4-2003-2 | ||
| 909 | |a Σ |b 138699 | ||
| 909 | |a Ρ |b 104893 | ||
| 909 | |a Ρ |b 122663 | ||
| 922 | |a 3ΕΛΗ |b 200708 |c ΕΠΕΑΕΚ2/ΤΜΗΜΑ ΜΑΘΗΜΑΤΙΚΩΝ |d ΠΑΤΑΚΗΣ | ||
| 970 | |a ΚΟΥΛΑΚΙΟΤΗ |b ΛΙΤΣΑ |z 2003/07/24 | ||